LDR 01325naa#a2200253#i#450# 001 RU\\bibl\120655 005 20260604005503.4 011 ## _a2076-0655 100 ## _a20260605b2026####ek#y0rusy0150####ca 101 0# _aRUS 102 ## _aRU 200 1# _aПОВЫШЕНИЕ ДОЛГОВЕЧНОСТИ И ЭКСПЛУАТАЦИОННОЙ НАДЕЖНОСТИ БЕТОНА В ИЗДЕЛИЯХ И КОНСТРУКЦИЯХ ДОРОЖНО-ТРАНСПОРТНОГО НАЗНАЧЕНИЯ _eЖурнальная статья 210 1# _aМосква _cИндивидуальный Предприниматель Самченко Светлана Васильевна _d2026 215 ## _a9 с. 608 ## _aЖурнальная статья _2local 675 ## _aСтроительные материалы и изделия. 691 _zRUS 686 ## _aСтроительные материалы и изделия. 67.09 _2grnti 700 #1 _aКиньягулова _gЛияна Фанисовна 700 #1 _aХафизов _gАзамат Азатович 700 #1 _aНедосеко _gАндрей Игоревич 700 #1 _aЧуйкин _gАлександр Евгеньевич 700 #1 _aСиницин _gДмитрий Александрович 700 #1 _aСтруговец _gИгорь Борисович 856 4# _atsilicates.ru _u